<?xml version="1.0" encoding="UTF-8"?>
<collection xmlns="http://www.loc.gov/MARC21/slim">
 <record>
  <leader>00662nam a22001577i 4500</leader>
  <controlfield tag="001">000716772</controlfield>
  <controlfield tag="008">240702s1893    ??     fr     000 0 cze?d</controlfield>
  <datafield tag="STA" ind1=" " ind2=" ">
   <subfield code="a">Rychlá katalogizace</subfield>
  </datafield>
  <datafield tag="100" ind1=" " ind2=" ">
   <subfield code="a">Comte, Auguste</subfield>
  </datafield>
  <datafield tag="245" ind1=" " ind2="0">
   <subfield code="a">Cous de philosophie positive</subfield>
  </datafield>
  <datafield tag="264" ind1=" " ind2="1">
   <subfield code="a">Paris</subfield>
   <subfield code="b">Au siège de la société positiviste</subfield>
   <subfield code="c">1893</subfield>
  </datafield>
  <datafield tag="300" ind1=" " ind2=" ">
   <subfield code="a">672 s.</subfield>
  </datafield>
  <datafield tag="NOT" ind1="E" ind2="1">
   <subfield code="a">Ancien élève de l'école polytechnique, répétiteur d'analyse transcendante et de mécanique ...</subfield>
  </datafield>
  <datafield tag="996" ind1=" " ind2=" ">
   <subfield code="1">PDPZ1</subfield>
   <subfield code="3">FP9563/III</subfield>
   <subfield code="4">PC=11/34</subfield>
   <subfield code="5">3142370305</subfield>
   <subfield code="7">Tome Troisième</subfield>
   <subfield code="8">20240702</subfield>
   <subfield code="f">95</subfield>
   <subfield code="h">Tome Troisième</subfield>
   <subfield code="l">UEP01</subfield>
   <subfield code="m">BOOK</subfield>
   <subfield code="q">Knihovna Žižkov depoz. 1</subfield>
   <subfield code="t">prezenční - lze objednat</subfield>
   <subfield code="u">UEP01</subfield>
   <subfield code="w">20240702</subfield>
  </datafield>
 </record>
</collection>
